Bio Resources: Fishing Categories - Statistics

General Stats
  • This quiz has been taken 5 times
    2 since last reset
  • The average score is 27 of 53
Answer Stats
Hint Answer % Correct
Population factors Catch
100%
Equipment design and use Acoustic deterrant devices
50%
Restrictions Bans
50%
Equipment design and use Biodegradable equipment
50%
Population factors Biomass
50%
Data from research Breeding success
50%
Environmental impacts Bycatch
50%
Reducing impacts Captive rearing and release
50%
Population sampling Catch per unit fishing effort
50%
Reducing impacts Catch quotas
50%
Population sampling Catch size
50%
Restrictions Closed seasons
50%
Environmental impacts Coral reef damage
50%
Equipment design and use Decoys
50%
Fishing Methods Demersal longlining
50%
Fishing Methods Demersal trawling
50%
Fishing Methods Drift nets
50%
Environmental impacts Dynamite fishing
50%
Advantages and disadvantages Effectiveness
50%
Data from research Egg/larvae density
50%
Advantages and disadvantages Environmental impacts
50%
Reducing impacts Equipment
50%
Equipment design and use Escape panels
50%
Restrictions Fishing efforts
50%
Environmental impacts Food web impacts
50%
Environmental impacts Ghost fishing
50%
Population factors Growth
50%
Equipment design and use Hook shape
50%
Restrictions Maximum catchable size
50%
Population sampling Mean age
50%
Population sampling Mean fish size
50%
Equipment design and use Mesh size
50%
Restrictions Minimum catchable size
50%
Population factors Mortality
50%
Equipment design and use Night fishing
50%
Restrictions NTZs
50%
Fishing Methods Pelagic longlining
50%
Fishing Methods Pelagic trawling
50%
Environmental impacts Population decline from overfishing
50%
Restrictions Protected individuals
50%
Fishing Methods Purse seining
50%
Equipment design and use Radio-tracked equipment
50%
Population factors Recruitment
50%
Reducing impacts Restrictions
50%
Environmental impacts Seabed damage
50%
Environmental impacts Seagrass damage
50%
Advantages and disadvantages Selectivity
50%
Fishing Methods Shellfish traps
50%
Equipment design and use Sinkers
50%
Data from research Survival of juvenile fish
50%
Restrictions Turtle bycatch
50%
Equipment design and use Turtle exclusion devices
50%
Advantages and disadvantages Energy inputs
0%
No matching quizzes found
Score Distribution
Percent of People with Each Score
Percentile by Number Answered
Your Score History
You have not taken this quiz since the last reset